|
|
|
|
| LEADER |
00000nab a2200000 a 4500 |
| 001 |
vtls010739949 |
| 003 |
SK-MaSNL |
| 005 |
20260304192458.0 |
| 008 |
250709s2009 xo |||||||||||||||||slo| |
| 035 |
|
|
|a (urnnbn)urn:nbn:sk:snk:ar-a05s3j
|
| 035 |
|
|
|a (uuid)858a914c-818f-4a86-97c2-98cd279d68c4
|
| 035 |
|
|
|a urn:nbn:sk:snk-ab40jo
|
| 040 |
|
|
|a SNKBUCL
|b slo
|c SNKBUCL
|e AACR2
|
| 041 |
0 |
|
|a cze
|
| 044 |
|
|
|a xo
|c SK
|
| 100 |
1 |
|
|a Dvořáková, Klaudia
|4 aut
|9 1149340
|
| 245 |
1 |
0 |
|a Nejčastější sexuálně přenosné infekce a možnosti jejich léčby
|c Klaudia Dvořáková
|
| 773 |
0 |
|
|t Klinická farmakologie a farmacie
|g Roč. 23, č. 1 (2009), s. 24-29
|
| 850 |
|
|
|a Slovenská národná knižnica
|
| 852 |
|
|
|a Slovenská národná knižnica
|
| 954 |
|
|
|a odborná, vedecká literatúra cudzojazyčná (svetová)
|2 lita
|
| 958 |
|
|
|a article1
|
| 958 |
|
|
|a OND
|
| 958 |
|
|
|a EUIPO
|
| 999 |
|
|
|c 3062213
|d 3064143
|